Language Quiz

Random Language or Animal Quiz

Animal Expressions III Quiz Stats

 Plays Quiz Updated Feb 19, 2015

Challenge
Share
Tweet
Embed
Score 0/25 Timer 05:00
0 Plays Today
Expression Animal % Correct
Kill two ___ with one stoneBirds
99%
Has the ___ got your tongue?Cat
98%
There's more than one ___ in the seaFish
96.8%
Eye of the ___Tiger
96%
Like a ___ in the headlightsDeer
94.3%
Like a ___ with its head chopped offChicken
93.6%
Don't put the cart before the ___Horse
93.3%
Every ___ has his dayDog
90.4%
To make a ___line towards (something)Bee
89.3%
Like a ___ out of hellBat
89%
Don't have a ___Cow
81.6%
___ toedPigeon
75.5%
___ eyes/eyedEagle
75.2%
Expression Animal % Correct
Stir up a ___'s nestHornet
75.2%
___ on your backMonkey
73.9%
A ___ in the ointmentFly
73.2%
If it were a ___ it would have bitten youSnake
72.5%
White ___Elephant
70.4%
Like water off a ___'s backDuck
66.6%
__ finkRat
58.3%
Going ___Ape
56.8%
Put a ___ in your earBug
52.8%
Living high off the ___Hog
49.1%
An ___ around the neckAlbatross
40.9%
Keeping the ___ from the doorWolf
39%

You're not logged in!

Compare scores with friends on all Sporcle quizzes.
OR
Log In

You Might Also Like...

Show Comments

Extras

Top Quizzes Today


Score Distribution

Your Account Isn't Verified!

In order to create a playlist on Sporcle, you need to verify the email address you used during registration. Go to your Sporcle Settings to finish the process.

Report this User

Report this user for behavior that violates our Community Guidelines.

Details: